| 000 | 03413nam a22002657a 4500 | ||
|---|---|---|---|
| 003 | DO-SdBJH | ||
| 005 | 20260320213459.0 | ||
| 008 | 260320b2025 |||obd|| |||| 00| 0 spa d | ||
| 040 |
_aDO-SdBJH _bspa _cDO-SdBJH |
||
| 041 | 0 | _aspa | |
| 090 |
_aCT MA-SDN 0020 _bEGAEE 2025 |
||
| 100 | 1 |
_aRivera López, Jorge A. _esustentante |
|
| 245 | 1 | 0 |
_aAnálisis de las políticas de control del sargazo y su incidencia económica en la región este de República Dominicana : _b2023-2025 / _cJorge A. Rivera López, Eddy Ant. Martínez Adames ; asesor de contenido Rocío Cristy Santana González ; asesor metodológico Marcos Antonio Mateo Capellán. |
| 260 |
_aSanto Domingo, República Dominicana : _bUNADE, _c2025. |
||
| 300 |
_axxv, 87, [35] páginas : _bgráficas, mapas, fotografías. |
||
| 502 | _aTesis y trabajos de grado (Maestría en Seguridad y Defensa Nacional)--Universidad Nacional para la Defensa "General Juan Pablo Duarte y Díez", Escuela de Graduados de Altos Estudios Estratégicos, Santo Domingo, 2025. | ||
| 504 | _aIncluye referencias bibliográficas y anexos. | ||
| 505 | _aGeneralidades y evolución del Sargazo, su incidencia en la Región Este de República Dominicana -- Marco legal, doctrinal e institucional para el control del Sargazo (2023-2025) -- Políticas de control del Sargazo (2023-2025) e incidencia económica en la Región Este. | ||
| 520 | _aEsta investigación documental viene a analizar las políticas de control y proliferación del sargazo y su incidencia económica en la Región Este de la República Dominicana durante los años 2023-2025. Se compiló y examinó un corpus documental integrado por normas (leyes, decretos y resoluciones), protocolos operativos, contratos y acuerdos de nivel de servicio (SLA), actas municipales, informes financieros y operativos y estadísticas públicas, complementado con literatura académica reciente. Con base en este corpus, se construyó un inventario de políticas por municipio/polo (prevención/alerta, contención en mar, recolección en costa y alta mar, transporte y disposición final, coordinación/financiamiento y comunicación/salud) ; asimismo, se estimaron indicadores comparables: RD$/km de playa limpia, RD$/t retirada, días de playa no apta, tiempo de respuesta, cobertura y cumplimiento ambiental. Mediante análisis comparado por períodos e integración de fuentes (triangulación documental), y fueron identificadas brechas de coordinación y financiamiento que elevan costos y tiempos de respuesta, así como prácticas eficaces (protocolos homologados, compras agregadas, contratos con SLA), asociadas a reducciones en los costos unitarios y a una mayor disponibilidad de playa. Al concluir con los hallazgos, se discuten en términos de gobernanza y economía de la gestión costera, para contrarrestar el fenómeno del sargazo y su proliferación en áreas sensitivas, se proponen recomendaciones operativas orientadas a fortalecer la resiliencia turística y ambiental, así como todas las microeconomías que abarcan la zona Este y que son fuente de desarrollo para la República Dominicana. | ||
| 650 | 7 |
_2lemb _aSargazo _vInvestigaciones _xControl _y2023-2025 _zRepública Dominicana |
|
| 700 | 1 |
_aMartínez Adames, Eddy Ant. _esustentante |
|
| 700 | 1 |
_aSantana González, Rocío Cristy _easesor de contenido |
|
| 700 | 1 |
_aMateo Capellán, Marcos Antonio _easesor metodológico |
|
| 942 |
_2CL _cT |
||
| 999 |
_c8611 _d8611 |
||